Heat transfer / (Record no. 68276)

000 -LEADER
fixed length control field 01054cam a2200289 a 4500
001 - CONTROL NUMBER
control field 563535
003 - CONTROL NUMBER IDENTIFIER
control field NUST - PNEC
005 - DATE AND TIME OF LATEST TRANSACTION
control field 20170116181047.0
008 - FIXED-LENGTH DATA ELEMENTS--GENERAL INFORMATION
fixed length control field 890816s1990 nyua b 001 0 eng
010 ## - LIBRARY OF CONGRESS CONTROL NUMBER
LC control number 89013168
020 ## - INTERNATIONAL STANDARD BOOK NUMBER
International Standard Book Number 0071126449
020 ## - INTERNATIONAL STANDARD BOOK NUMBER
International Standard Book Number 0079093884
040 ## - CATALOGING SOURCE
Original cataloging agency DLC
Transcribing agency LIBRARY
Modifying agency DLC
050 00 - LIBRARY OF CONGRESS CALL NUMBER
Classification number QC320
Item number .H64 1990
082 00 - DEWEY DECIMAL CLASSIFICATION NUMBER
Classification number 621.4022 HOL
100 1# - MAIN ENTRY--PERSONAL NAME
Personal name Holman, J. P.
Fuller form of name (Jack Philip)
245 10 - TITLE STATEMENT
Title Heat transfer /
Statement of responsibility, etc. J.P. Holman.
250 ## - EDITION STATEMENT
Edition statement 7th ed.
260 ## - PUBLICATION, DISTRIBUTION, ETC.
Place of publication, distribution, etc. London
Name of publisher, distributor, etc. McGraw-Hill,
Date of publication, distribution, etc. c1990.
300 ## - PHYSICAL DESCRIPTION
Extent xx, 714 p. :
Other physical details col. ill. ;
Dimensions 25 cm.
500 ## - GENERAL NOTE
General note System requirements for computer disk: IBM PC or IBM-compatible PC; 256K; MS-DOS or PC-DOS 2.0 or higher; 80-column monochrome monitor; printer (optional).
504 ## - BIBLIOGRAPHY, ETC. NOTE
Bibliography, etc. note Includes bibliographical references and index.
650 #0 - SUBJECT ADDED ENTRY--TOPICAL TERM
Topical term or geographic name entry element Heat
General subdivision Transmission.
-- ME
906 ## - LOCAL DATA ELEMENT F, LDF (RLIN)
a 7
b cbc
c orignew
d 1
e ocip
f 19
g y-gencatlg
942 ## - ADDED ENTRY ELEMENTS (KOHA)
Source of classification or shelving scheme
Koha item type Book
Holdings
Withdrawn status Lost status Source of classification or shelving scheme Damaged status Not for loan Permanent Location Current Location Shelving location Date acquired Total Checkouts Full call number Barcode Date last seen Price effective from Koha item type
          Pakistan Navy Engineering College (PNEC) Pakistan Navy Engineering College (PNEC)       621.4022 HOL PNECLIB-016620 09/28/2015   Book
© 2023 Central Library, National University of Sciences and Technology. All Rights Reserved.